[Event "Quebec op"]
[Site "Quebec"]
[Date "2017.08.13"]
[Round "2"]
[White "Ouellet, Maili Jade"]
[Black "Bleau, John"]
[Result "1-0"]
[WhiteElo "1982"]
[BlackElo "1859"]
[PlyCount "99"]
[EventDate "2017.08.12"]
[EventType "swiss"]
[EventRounds "9"]
[EventCountry "CAN"]
[SourceTitle "CBM 180 Extra"]
[Source "ChessBase"]
[SourceDate "2017.10.06"]
[SourceVersion "1"]
[SourceVersionDate "2017.10.06"]
[SourceQuality "1"]

1. d4 d5 2. c4 c6 3. Nf3 Nf6 4. Nc3 e6 5. Bg5 Be7 6. e3 h6 7. Bh4 0-0 8. cxd5 exd5 9. Qc2 Ne8 10. Bg3 Nd7 11. Bd3 Ndf6 12. 0-0 Bd6 13. Ne5 Nh5 14. Ne2 Nxg3 15. Nxg3 Qe7 16. f4 Nf6 17. Rae1 Qc7 18. Nf5 Bxf5 19. Bxf5 c5 20. Rc1 c4 21. Rf3 Rae8 22. Rh3 Re7 23. g4 Kh8 24. Qf2 Ng8 25. g5 Bxe5 26. fxe5 Qb6 27. Kh1 g6 28. Bg4 h5 29. Rg1 Kg7 30. Bd1 Rc7 31. Rf3 Qe6 32. Rf6 Nxf6 33. gxf6+ Kh7 34. Rg5 Rh8 35. Rxh5+ gxh5 36. Bc2+ Kg8 37. Bf5 Qxf5 38. Qxf5 Rh7 39. e6 fxe6 40. Qxe6+ Rhf7 41. Qxd5 Rc6 42. e4 Rcxf6 43. Qxc4 Rf1+ 44. Kg2 R1f2+ 45. Kg1 Rxb2 46. d5 Rg7+ 47. Kf1 Rf7+ 48. Ke1 Rff2 49. d6+ Kh7 50. d7 1-0

[Event "Quebec op"]
[Site "Quebec"]
[Date "2017.08.12"]
[Round "1"]
[White "Bleau, John"]
[Black "Soudre, Nicolas"]
[Result "0-1"]
[WhiteElo "1859"]
[BlackElo "2094"]
[PlyCount "79"]
[EventDate "2017.08.12"]
[EventType "swiss"]
[EventRounds "9"]
[EventCountry "CAN"]
[SourceTitle "CBM 180 Extra"]
[Source "ChessBase"]
[SourceDate "2017.10.06"]
[SourceVersion "1"]
[SourceVersionDate "2017.10.06"]
[SourceQuality "1"]

1. d4 e6 2. Nf3 Nf6 3. e3 b6 4. Bd3 Bb7 5. 0-0 c5 6. b3 Be7 7. Bb2 0-0 8. Nbd2 d5 9. c4 Ne4 10. Qc2 f5 11. Ne5 Nd7 12. Nxd7 Qxd7 13. Nf3 Bd6 14. Rac1 Rac8 15. Qe2 Qe7 16. Ne5 Rf6 17. f3 Ng5 18. f4 Ne4 19. Bxe4 dxe4 20. a3 Rff8 21. Rcd1 Rcd8 22. Bc3 Bxe5 23. dxe5 Rd3 24. Rxd3 exd3 25. Qxd3 Rd8 26. Qe2 Qd7 27. Kf2 Qc6 28. Rg1 Qe4 29. Ke1 g5 30. Bd2 g4 31. Kf2 Rd3 32. Qd1 Rd8 33. Ke1 Qd3 34. Rf1 a5 35. a4 Bxg2 36. Rf2 Bh3 37. Qc1 Qxb3 38. Qc3 Qb1+ 39. Bc1 Qe4 40. Rd2 0-1

[Event "Trois-Riveres op"]
[Site "Trois Rivieres"]
[Date "2017.03.18"]
[Round "2.14"]
[White "Bleau, John"]
[Black "Fortier, Marc Andre"]
[Result "0-1"]
[WhiteElo "1929"]
[BlackElo "2102"]
[PlyCount "72"]
[EventDate "2017.03.17"]
[EventType "swiss"]
[EventRounds "5"]
[EventCountry "CAN"]
[SourceTitle "EXT 2022"]
[Source "ChessBase"]
[SourceDate "2021.10.06"]
[SourceVersion "1"]
[SourceVersionDate "2021.10.06"]
[SourceQuality "1"]

1. d4 Nf6 2. Nf3 c5 3. d5 d6 4. c4 g6 5. Nc3 Bg7 6. e4 0-0 7. h3 a6 8. Bd3 Nbd7 9. 0-0 e5 10. dxe6 fxe6 11. Ng5 Qe7 12. f4 Nh5 13. e5 dxe5 14. Nxh7 exf4 15. Nxf8 Bd4+ 16. Kh2 Nxf8 17. Qg4 e5 18. Nd5 Bxg4 19. Nxe7+ Kf7 20. hxg4 Ng3 21. Nd5 Nxf1+ 22. Bxf1 Ne6 23. g3 f3 24. Be3 Rh8+ 25. Kg1 e4 26. Rd1 Rd8 27. b3 Rxd5 28. cxd5 Bxe3+ 29. Kh2 Nd4 30. Rb1 Bd2 31. Kg1 e3 32. Bd3 Ne2+ 33. Kh2 Nc1 34. Rxc1 Bxc1 35. Kg1 e2 36. Kf2 Bd2 0-1

[Event "Montreal op U2000"]
[Site "Montreal"]
[Date "2016.09.11"]
[Round "5.32"]
[White "Bleau, John"]
[Black "Desjardins, Michel"]
[Result "1/2-1/2"]
[WhiteElo "1907"]
[BlackElo "1931"]
[PlyCount "57"]
[EventDate "2016.09.09"]
[EventType "swiss"]
[EventRounds "5"]
[EventCountry "CAN"]
[SourceTitle "EXT 2022"]
[Source "ChessBase"]
[SourceDate "2021.10.06"]
[SourceVersion "1"]
[SourceVersionDate "2021.10.06"]
[SourceQuality "1"]

1. d4 d5 2. Nf3 Bf5 3. e3 e6 4. Bd3 Bxd3 5. Qxd3 Nd7 6. 0-0 c6 7. b3 Bd6 8. Nbd2 Ngf6 9. c4 0-0 10. Bb2 Re8 11. a3 Rc8 12. Rfe1 Bb8 13. e4 dxe4 14. Nxe4 Nxe4 15. Qxe4 Nf6 16. Qh4 h6 17. Rad1 Nh7 18. Qe4 Ng5 19. Nxg5 Qxg5 20. g3 Red8 21. h4 Qh5 22. Rd3 Rd7 23. Kg2 Rcd8 24. Red1 Bc7 25. b4 Bb6 26. R1d2 a6 27. Bc3 Bc7 28. Rd1 Bb6 29. R1d2 1/2-1/2

[Event "Trois-Rivieres Mauricie op U2000"]
[Site "Trois Rivieres"]
[Date "2016.03.18"]
[Round "1"]
[White "Bleau, John"]
[Black "Marcouiller, David"]
[Result "1/2-1/2"]
[WhiteElo "1907"]
[BlackElo "1771"]
[PlyCount "85"]
[EventDate "2016.03.18"]
[EventType "swiss"]
[EventRounds "5"]
[EventCountry "CAN"]
[SourceTitle "EXT 2022"]
[Source "ChessBase"]
[SourceDate "2021.10.06"]
[SourceVersion "1"]
[SourceVersionDate "2021.10.06"]
[SourceQuality "1"]

1. d4 Nf6 2. c4 c5 3. e3 e6 4. Nc3 g6 5. Nf3 cxd4 6. exd4 d5 7. Bg5 dxc4 8. Bxc4 Bg7 9. 0-0 0-0 10. Rc1 Nc6 11. Re1 h6 12. Bh4 Qa5 13. Ne5 Ne7 14. Ne4 Ned5 15. Qf3 Nxe4 16. Qxe4 f5 17. Qf3 g5 18. Bxg5 hxg5 19. Qh5 Qd8 20. Bxd5 exd5 21. Nf3 f4 22. Nxg5 Bf5 23. Re6 Rf6 24. Rce1 Bg6 25. Qg4 Qf8 26. Re7 Bf5 27. Qf3 Be4 28. R7xe4 dxe4 29. Qxe4 Rh6 30. Qd5+ Kh8 31. Nf7+ Kh7 32. Nxh6 Kxh6 33. Qxb7 Rb8 34. Re6+ Kh7 35. Qe4+ Kh8 36. h3 Qb4 37. Qxf4 Qxb2 38. Re7 Rf8 39. Qh4+ Kg8 40. Rd7 Qxa2 41. Qg3 Rf7 42. Rd8+ Rf8 43. Rd7 1/2-1/2

[Event "Quebec Montcalm op 3 2014-15"]
[Site "Quebec"]
[Date "2014.12.04"]
[Round "4"]
[White "Sarra Bournet, Marc"]
[Black "Bleau, John"]
[Result "0-1"]
[WhiteElo "1737"]
[BlackElo "1914"]
[PlyCount "58"]
[EventDate "2014.11.13"]
[EventType "swiss"]
[EventRounds "5"]
[EventCountry "CAN"]
[SourceTitle "EXT 2022"]
[Source "ChessBase"]
[SourceDate "2021.10.06"]
[SourceVersion "1"]
[SourceVersionDate "2021.10.06"]
[SourceQuality "1"]

1. e4 Nf6 2. e5 Nd5 3. d4 d6 4. c4 Nb6 5. f4 dxe5 6. fxe5 Nc6 7. Be3 Bf5 8. Nc3 e6 9. Nf3 Bg4 10. Qd2 Be7 11. 0-0-0 Qd7 12. Be2 Na5 13. c5 Nbc4 14. Bxc4 Nxc4 15. Qf2 Nxe3 16. Qxe3 0-0-0 17. d5 exd5 18. Rxd5 Qc6 19. Rhd1 Rxd5 20. Rxd5 Be6 21. Rd6 cxd6 22. cxd6 Bxd6 23. exd6 b6 24. Qe5 Rd8 25. Qxg7 Qxd6 26. Qxh7 Qf4+ 27. Nd2 Qxd2+ 28. Kb1 Qe1+ 29. Kc2 Rd2# 0-1

[Event "Trois-Rivieres Mauricie op U2000"]
[Site "Trois Rivieres"]
[Date "2014.03.15"]
[Round "2"]
[White "Lafleche, Alain"]
[Black "Bleau, John"]
[Result "0-1"]
[WhiteElo "1741"]
[BlackElo "1930"]
[PlyCount "57"]
[EventDate "2014.03.14"]
[EventType "swiss"]
[EventRounds "5"]
[EventCountry "CAN"]
[SourceTitle "EXT 2022"]
[Source "ChessBase"]
[SourceDate "2021.10.06"]
[SourceVersion "1"]
[SourceVersionDate "2021.10.06"]
[SourceQuality "1"]

1. e4 Nf6 2. e5 Nd5 3. d4 d6 4. c4 Nb6 5. exd6 cxd6 6. Nc3 g6 7. Be3 Bg7 8. f3 0-0 9. Qd2 Nc6 10. 0-0-0 e5 11. d5 Ne7 12. g4 f5 13. c5 dxc5 14. Bxc5 fxg4 15. d6 Nf5 16. Kb1 Bd7 17. Bg2 Rc8 18. b4 Nh4 19. fxg4 Nxg2 20. Nd5 Nxd5 21. Ne2 Ngf4 22. Ng3 b6 23. Ne4 bxc5 24. bxc5 Bxg4 25. Rc1 Bf5 26. Rhe1 Nf6 27. Qc2 Nxe4 28. Qc4+ Be6 29. Qxe4 0-1

[Event "Mauricie op"]
[Site "Trois Rivieres "]
[Date "2013.03.18"]
[Round "5"]
[White "Bleau, John"]
[Black "Trottier, Emile"]
[Result "0-1"]
[WhiteElo "1974"]
[BlackElo "2010"]
[PlyCount "42"]
[EventDate "2013.03.15"]
[EventType "swiss"]
[EventRounds "5"]
[EventCountry "CAN"]
[SourceTitle "EXT 2014"]
[Source "ChessBase"]
[SourceDate "2013.11.20"]
[SourceVersion "1"]
[SourceVersionDate "2013.11.20"]
[SourceQuality "1"]

1. d4 e6 2. c4 f5 3. Nf3 d5 4. g3 c6 5. Bg2 Nf6 6. 0-0 Bd6 7. b3 0-0 8. Qc2 Nbd7 9. cxd5 exd5 10. Nh4 Ne4 11. f3 Bxg3 12. Nxf5 Rxf5 13. fxe4 Rxf1+ 14. Bxf1 Qh4 15. hxg3 Qxg3+ 16. Bg2 Qe1+ 17. Kh2 Nf6 18. Qd2 Ng4+ 19. Kh3 Qf2 20. Qg5 h6 21. Qd8+ Kh7 0-1

[Event "Mauricie op"]
[Site "Trois Rivieres "]
[Date "2013.03.16"]
[Round "3"]
[White "Bleau, John"]
[Black "Lepine, Cedric"]
[Result "1/2-1/2"]
[WhiteElo "1974"]
[BlackElo "2036"]
[PlyCount "65"]
[EventDate "2013.03.15"]
[EventType "swiss"]
[EventRounds "5"]
[EventCountry "CAN"]
[SourceTitle "EXT 2014"]
[Source "ChessBase"]
[SourceDate "2013.11.20"]
[SourceVersion "1"]
[SourceVersionDate "2013.11.20"]
[SourceQuality "1"]

1. d4 Nf6 2. c4 g6 3. g3 d5 4. cxd5 Nxd5 5. Nf3 Bg7 6. Bg2 0-0 7. 0-0 Nc6 8. Nc3 Nxc3 9. bxc3 e5 10. e3 Be6 11. Qa4 Qd7 12. Qc2 Bh3 13. Bb2 Bxg2 14. Kxg2 f5 15. Rfd1 e4 16. Qb3+ Kh8 17. Ng5 Rad8 18. Ba3 Rf6 19. Nh3 Bh6 20. Qb5 a6 21. Qe2 g5 22. Ng1 f4 23. exf4 gxf4 24. gxf4 Rg8+ 25. Kh1 Rxf4 26. Bc1 Qg7 27. f3 exf3 28. Nxf3 Rg4 29. Bxh6 Qxh6 30. Rg1 Qd6 31. Rxg4 Rxg4 32. Rg1 Rxg1+ 33. Kxg1 1/2-1/2

[Event "Mauricie op"]
[Site "Trois Rivieres "]
[Date "2013.03.16"]
[Round "2"]
[White "Bolduc, Steve"]
[Black "Bleau, John"]
[Result "1-0"]
[WhiteElo "2215"]
[BlackElo "1974"]
[PlyCount "69"]
[EventDate "2013.03.15"]
[EventType "swiss"]
[EventRounds "5"]
[EventCountry "CAN"]
[SourceTitle "EXT 2014"]
[Source "ChessBase"]
[SourceDate "2013.11.20"]
[SourceVersion "1"]
[SourceVersionDate "2013.11.20"]
[SourceQuality "1"]

1. d4 Nf6 2. c4 e6 3. Nc3 c5 4. d5 exd5 5. cxd5 Bd6 6. Bg5 h6 7. Bh4 0-0 8. Nf3 Re8 9. e3 a6 10. a4 Qe7 11. Be2 b6 12. Nd2 Bc7 13. Nce4 g5 14. d6 Bxd6 15. Bf3 Nc6 16. Nxf6+ Qxf6 17. Bg3 Bxg3 18. hxg3 Qd6 19. Nc4 Qxd1+ 20. Rxd1 b5 21. Nd6 Re6 22. Bg4 Ne5 23. Bxe6 dxe6 24. 0-0 Kg7 25. f4 Nc4 26. Nxc4 bxc4 27. fxg5 hxg5 28. Rd8 Bb7 29. Rxa8 Bxa8 30. Rc1 Bd5 31. e4 Bxe4 32. Rxc4 Bc6 33. a5 f5 34. Rxc5 Bb5 35. Rxb5 1-0

[Event "Quebec Montcalm op 5 2012-13"]
[Site "Quebec"]
[Date "2013.03.14"]
[Round "5"]
[White "Bleau, John"]
[Black "Bonneau, Daniel"]
[Result "1-0"]
[WhiteElo "1974"]
[BlackElo "2127"]
[PlyCount "97"]
[EventDate "2013.02.14"]
[EventType "swiss"]
[EventRounds "5"]
[EventCountry "CAN"]
[SourceTitle "EXT 2022"]
[Source "ChessBase"]
[SourceDate "2021.10.06"]
[SourceVersion "1"]
[SourceVersionDate "2021.10.06"]
[SourceQuality "1"]

1. d4 Nf6 2. c4 g6 3. Nc3 Bg7 4. Nf3 0-0 5. g3 d6 6. Bg2 Nbd7 7. 0-0 e5 8. dxe5 dxe5 9. Qc2 c6 10. h3 Re8 11. Be3 Qe7 12. Rad1 Nb6 13. b3 Bf5 14. Qc1 Rad8 15. Bg5 Rxd1 16. Rxd1 Qc7 17. Bh6 Ne4 18. Bxg7 Kxg7 19. Nh4 Nxc3 20. Nxf5+ gxf5 21. Qxc3 Qe7 22. Qa5 Nc8 23. c5 a6 24. Qc3 Qe6 25. h4 f6 26. Bh3 e4 27. e3 Re7 28. Qd2 Rc7 29. Qd8 Rf7 30. Bf1 Ne7 31. Bc4 Nd5 32. Bxd5 cxd5 33. Qxd5 Qxd5 34. Rxd5 Kg6 35. b4 Rc7 36. Rd6 Kf7 37. Kf1 Ke7 38. Ke2 a5 39. a3 axb4 40. axb4 Rc6 41. Rxc6 bxc6 42. Kd2 Ke6 43. Kc3 Kd5 44. Kb3 h5 45. Kc3 f4 46. gxf4 f5 47. Kb3 Ke6 48. Kc4 Kd7 49. b5 1-0

[Event "Gatineau op"]
[Site "Gatineau"]
[Date "2013.03.02"]
[Round "2"]
[White "Voloaca, Mihnea"]
[Black "Bleau, John"]
[Result "1-0"]
[WhiteElo "2361"]
[BlackElo "1899"]
[PlyCount "69"]
[EventDate "2013.03.01"]
[EventType "swiss"]
[EventRounds "5"]
[EventCountry "CAN"]
[SourceTitle "EXT 2022"]
[Source "ChessBase"]
[SourceDate "2021.10.06"]
[SourceVersion "1"]
[SourceVersionDate "2021.10.06"]
[SourceQuality "1"]

1. c4 Nf6 2. Nc3 e6 3. Nf3 b6 4. g3 Bb7 5. Bg2 Be7 6. 0-0 0-0 7. d4 d5 8. Ne5 Nbd7 9. Bf4 c6 10. Qa4 Nxe5 11. Bxe5 a6 12. Qb3 Nd7 13. Bf4 b5 14. cxd5 cxd5 15. Rfc1 g5 16. Bc7 Qxc7 17. Nxd5 Qxc1+ 18. Rxc1 Bxd5 19. Bxd5 exd5 20. Rc7 Rad8 21. Qxd5 Nb6 22. Qb7 Nd5 23. Rxe7 Nxe7 24. Qxe7 f6 25. Qe6+ Rf7 26. Qxa6 Rxd4 27. Qxb5 Kg7 28. a4 h5 29. h3 Rdd7 30. b4 Rb7 31. Qc4 Rfc7 32. Qb3 Rc5 33. b5 g4 34. hxg4 hxg4 35. Qb4 1-0

[Event "Quebec Montcalm op 7 2011-12"]
[Site "Quebec"]
[Date "2012.05.24"]
[Round "5"]
[White "Bourassa, Andre"]
[Black "Bleau, John"]
[Result "0-1"]
[WhiteElo "1768"]
[BlackElo "1967"]
[PlyCount "130"]
[EventDate "2012.04.26"]
[EventType "swiss"]
[EventRounds "5"]
[EventCountry "CAN"]
[SourceTitle "EXT 2022"]
[Source "ChessBase"]
[SourceDate "2021.10.06"]
[SourceVersion "1"]
[SourceVersionDate "2021.10.06"]
[SourceQuality "1"]

1. d4 d5 2. c4 e6 3. Nc3 c6 4. e3 Nd7 5. Nf3 f5 6. Ne5 Ngf6 7. Bd3 Bd6 8. f4 0-0 9. cxd5 Nxd5 10. 0-0 N7f6 11. Qb3 Qb6 12. Qxb6 axb6 13. a3 b5 14. Bd2 Bc7 15. Bc2 Rd8 16. Nxd5 Nxd5 17. Rfd1 Bb6 18. Nf3 Bc7 19. Kf2 Bd7 20. Bb3 Be8 21. Bxd5 exd5 22. Bb4 Bh5 23. Rd2 Bxf3 24. Kxf3 Bd6 25. Bc5 Bxc5 26. dxc5 Re8 27. Rd4 Re7 28. Rad1 Kf7 29. R1d3 Re4 30. Rb3 Ra4 31. Rbb4 Rxb4 32. Rxb4 Ke6 33. Rd4 h5 34. h4 Kd7 35. b3 Kc7 36. Ke2 b6 37. b4 Re8 38. cxb6+ Kxb6 39. Kd2 Re6 40. Ke2 Rg6 41. Kf3 Re6 42. Ke2 Re8 43. Kd2 Ra8 44. Rd3 Kc7 45. Rc3 Kd6 46. Kd3 Re8 47. g3 Re6 48. Rc1 Re4 49. Rc2 Kc7 50. Rc3 Kb6 51. Rc2 Rc4 52. Rc3 Ka6 53. Rc2 Kb6 54. Rc3 c5 55. Rxc4 dxc4+ 56. Kc3 cxb4+ 57. Kxb4 Kc6 58. a4 bxa4 59. Kxa4 Kd5 60. Kb4 Ke4 61. Kxc4 Kxe3 62. Kd5 Kf3 63. Ke6 g6 64. Kf6 Kxg3 65. Kxg6 Kg4 0-1

[Event "Trois-Rivieres Mauricie op"]
[Site "Trois Rivieres"]
[Date "2012.03.18"]
[Round "4"]
[White "Auger, Bertrand"]
[Black "Bleau, John"]
[Result "1-0"]
[WhiteElo "1966"]
[BlackElo "1988"]
[PlyCount "85"]
[EventDate "2012.03.16"]
[EventType "swiss"]
[EventRounds "5"]
[EventCountry "CAN"]
[SourceTitle "EXT 2022"]
[Source "ChessBase"]
[SourceDate "2021.10.06"]
[SourceVersion "1"]
[SourceVersionDate "2021.10.06"]
[SourceQuality "1"]

1. Nf3 d5 2. g3 c5 3. Bg2 Nf6 4. c4 d4 5. b4 cxb4 6. a3 b3 7. Qxb3 Nc6 8. 0-0 e5 9. d3 Be7 10. a4 0-0 11. Ba3 Rb8 12. Nbd2 Bd7 13. Bxe7 Qxe7 14. a5 Rfe8 15. Ng5 Nb4 16. Rab1 Na6 17. Qa2 Bc6 18. Nge4 g6 19. f4 Nxe4 20. Nxe4 Bxe4 21. Bxe4 f5 22. Bd5+ Kg7 23. Qb2 b6 24. Qa1 Nb4 25. axb6 axb6 26. Rfc1 Kh6 27. Bg2 Qc5 28. Qa4 exf4 29. Qxb4 fxg3 30. hxg3 Qc7 31. Kf2 Re3 32. Bf3 g5 33. Rh1+ Kg6 34. g4 fxg4 35. Be4+ Rxe4 36. dxe4 Qf4+ 37. Ke1 d3 38. Qd2 Qg3+ 39. Kd1 Qg2 40. Re1 dxe2+ 41. Rxe2 Qg1+ 42. Kc2 Qc5 43. Qd5 1-0

[Event "Trois-Rivieres Mauricie op"]
[Site "Trois Rivieres"]
[Date "2012.03.17"]
[Round "2"]
[White "Luksza, Arkadiusz"]
[Black "Bleau, John"]
[Result "1-0"]
[WhiteElo "2139"]
[BlackElo "1988"]
[PlyCount "54"]
[EventDate "2012.03.16"]
[EventType "swiss"]
[EventRounds "5"]
[EventCountry "CAN"]
[SourceTitle "EXT 2022"]
[Source "ChessBase"]
[SourceDate "2021.10.06"]
[SourceVersion "1"]
[SourceVersionDate "2021.10.06"]
[SourceQuality "1"]

1. Nf3 c5 2. c4 g6 3. Nc3 Bg7 4. d4 cxd4 5. Nxd4 Nc6 6. Nxc6 bxc6 7. g3 Qa5 8. Bd2 Ba6 9. Nd5 Qd8 10. Ne3 Bxb2 11. Rb1 Bg7 12. Qa4 Qc8 13. Bg2 Nf6 14. 0-0 0-0 15. Rfc1 Bb7 16. Qb4 Rb8 17. Qxe7 Re8 18. Qa3 a6 19. Bb4 Ba8 20. Bd6 Bf8 21. Bxf8 Rxf8 22. Qd6 Rxb1 23. Rxb1 Ne8 24. Qe7 d6 25. Qa7 Nc7 26. Qd4 d5 27. Ng4 c5 1-0

[Event "Montreal op U2000"]
[Site "Montreal"]
[Date "2011.09.10"]
[Round "3"]
[White "Bleau, John"]
[Black "Chang, Michael"]
[Result "1/2-1/2"]
[WhiteElo "1966"]
[BlackElo "1779"]
[PlyCount "74"]
[EventDate "2011.09.09"]
[EventType "swiss"]
[EventRounds "5"]
[EventCountry "CAN"]
[SourceTitle "EXT 2022"]
[Source "ChessBase"]
[SourceDate "2021.10.06"]
[SourceVersion "1"]
[SourceVersionDate "2021.10.06"]
[SourceQuality "1"]

1. d4 Nf6 2. c4 g6 3. Nc3 Bg7 4. g3 d6 5. Bg2 0-0 6. Nf3 Nbd7 7. 0-0 c6 8. e4 e5 9. dxe5 Nxe5 10. Nxe5 dxe5 11. Qe2 Re8 12. Rd1 Qc7 13. h3 Be6 14. Be3 b6 15. Rac1 Rad8 16. Bg5 Rd4 17. Rxd4 exd4 18. Nd5 Bxd5 19. Bxf6 Bxc4 20. Qxc4 Bxf6 21. Qxc6 Qxc6 22. Rxc6 Bg7 23. b3 Rd8 24. Kf1 d3 25. Ke1 d2+ 26. Kd1 Bd4 27. Rc2 Bxf2 28. Rxd2 Rxd2+ 29. Kxd2 Bxg3 30. Ke3 Kg7 31. Kf3 Bd6 32. Bf1 f6 33. Bc4 Kf8 34. a4 Ke7 35. Kg4 h5+ 36. Kf3 f5 37. exf5 gxf5 1/2-1/2

[Event "Montcalm-ch 2010-11"]
[Site "Quebec"]
[Date "2011.05.20"]
[Round "4"]
[White "Perron, Jonathan"]
[Black "Bleau, John"]
[Result "0-1"]
[WhiteElo "2057"]
[BlackElo "1903"]
[PlyCount "113"]
[EventDate "2011.04.28"]
[EventType "tourn"]
[EventRounds "5"]
[EventCountry "CAN"]
[SourceTitle "EXT 2022"]
[Source "ChessBase"]
[SourceDate "2021.10.06"]
[SourceVersion "1"]
[SourceVersionDate "2021.10.06"]
[SourceQuality "1"]

1. e4 Nf6 2. e5 Nd5 3. d4 d6 4. c4 Nb6 5. exd6 cxd6 6. Nc3 g6 7. Be3 Bg7 8. Rc1 0-0 9. Nf3 Nc6 10. d5 Ne5 11. Nxe5 Bxe5 12. f4 Bg7 13. Be2 f5 14. Bd4 e6 15. dxe6 Bxe6 16. 0-0 Rc8 17. Bxg7 Kxg7 18. b3 Bf7 19. Bf3 Rb8 20. a4 Re8 21. Re1 Rxe1+ 22. Qxe1 Nd7 23. Qe3 Qe8 24. Qxe8 Rxe8 25. Rd1 Re3 26. Rxd6 Nc5 27. b4 Nd3 28. Ne2 Bxc4 29. Rd7+ Kh6 30. Rxb7 Nb2 31. Kf2 Nd1+ 32. Ke1 Nc3 33. Kd2 Rd3+ 34. Kc2 Nxa4 35. Rc7 Rxf3 36. gxf3 Bxe2 37. Rxa7 Nb6 38. Kd2 Bxf3 39. Ra1 Kh5 40. Rf1 Be4 41. b5 Kg4 42. Kc3 Nd5+ 43. Kd4 Nxf4 44. Ke5 Nd5 45. Rf2 Nb6 46. Kd4 Nd7 47. Rb2 g5 48. b6 Nxb6 49. Rxb6 h5 50. Rb2 Kf3 51. Rb3+ Kf4 52. Rb2 g4 53. Rf2+ Bf3 54. Kd3 h4 55. Kd2 g3 56. hxg3+ Kxg3 57. Ke3 0-1

[Event "Quebec Montcalm op 6 2010-11"]
[Site "Quebec"]
[Date "2011.04.21"]
[Round "5"]
[White "Bleau, John"]
[Black "Marquis, Paul"]
[Result "1-0"]
[WhiteElo "1878"]
[BlackElo "1959"]
[PlyCount "35"]
[EventDate "2011.03.24"]
[EventType "swiss"]
[EventRounds "5"]
[EventCountry "CAN"]
[SourceTitle "EXT 2022"]
[Source "ChessBase"]
[SourceDate "2021.10.06"]
[SourceVersion "1"]
[SourceVersionDate "2021.10.06"]
[SourceQuality "1"]

1. d4 d5 2. c4 c6 3. Nf3 e6 4. e3 Nf6 5. Qc2 Nbd7 6. Nc3 dxc4 7. Bxc4 b5 8. Bd3 Bb7 9. 0-0 Bd6 10. e4 e5 11. Bg5 h6 12. Bh4 g5 13. Bg3 Qe7 14. dxe5 Nxe5 15. Nd4 Bc8 16. Bxe5 Qxe5 17. Nf3 Qf4 18. Ne2 1-0

[Event "Quebec Montcalm op 6 2010-11"]
[Site "Quebec"]
[Date "2011.04.07"]
[Round "3"]
[White "Bleau, John"]
[Black "Perron, Jonathan"]
[Result "1-0"]
[WhiteElo "1878"]
[BlackElo "2065"]
[PlyCount "113"]
[EventDate "2011.03.24"]
[EventType "swiss"]
[EventRounds "5"]
[EventCountry "CAN"]
[SourceTitle "EXT 2022"]
[Source "ChessBase"]
[SourceDate "2021.10.06"]
[SourceVersion "1"]
[SourceVersionDate "2021.10.06"]
[SourceQuality "1"]

1. d4 Nf6 2. c4 e6 3. g3 c5 4. d5 exd5 5. cxd5 d6 6. Bg2 g6 7. Nc3 Bg7 8. Nf3 0-0 9. 0-0 a6 10. a4 Re8 11. Nd2 Nbd7 12. Nc4 Nb6 13. Na3 Bd7 14. e4 Rb8 15. Bf4 Qe7 16. a5 Nc8 17. Re1 Nh5 18. Be3 Na7 19. Qd2 Nb5 20. Naxb5 axb5 21. Qe2 b4 22. Na4 Bxa4 23. Rxa4 Qd7 24. b3 Nf6 25. Qc2 Qb5 26. Bf4 Nxd5 27. Bxd6 Rbc8 28. Bh3 f5 29. Bf1 Qc6 30. exd5 Qxd6 31. Re6 Rxe6 32. dxe6 Ra8 33. Qc4 Kf8 34. Qb5 Qc6 35. Qxc6 bxc6 36. a6 Ke7 37. Bc4 Bd4 38. Kg2 Be5 39. Ra2 Bd4 40. Re2 Bc3 41. Re3 Bd4 42. Rd3 Ra7 43. h4 Rc7 44. Kf3 Kd6 45. Rd2 Re7 46. Ra2 Ra7 47. g4 fxg4+ 48. Kxg4 Ke7 49. h5 Be5 50. Rd2 gxh5+ 51. Kxh5 Bd6 52. Rd3 Ra8 53. Rf3 Ke8 54. Rf7 Be7 55. Rxh7 Ra7 56. Kg6 Rc7 57. f4 1-0

[Event "Quebec Montcalm op 5 2010-11"]
[Site "Quebec"]
[Date "2011.03.10"]
[Round "4"]
[White "Marquis, Paul"]
[Black "Bleau, John"]
[Result "0-1"]
[WhiteElo "1988"]
[BlackElo "1833"]
[PlyCount "82"]
[EventDate "2011.02.16"]
[EventType "swiss"]
[EventRounds "5"]
[EventCountry "CAN"]
[SourceTitle "EXT 2022"]
[Source "ChessBase"]
[SourceDate "2021.10.06"]
[SourceVersion "1"]
[SourceVersionDate "2021.10.06"]
[SourceQuality "1"]

1. e4 c5 2. Nc3 Nc6 3. g3 d6 4. Bg2 Nf6 5. f4 Bg4 6. Nf3 Nd4 7. 0-0 e6 8. d3 Be7 9. Be3 Nxf3+ 10. Bxf3 Bxf3 11. Qxf3 0-0 12. g4 Qb6 13. Rab1 Qc6 14. g5 Nd7 15. b3 f5 16. Ne2 fxe4 17. Qxe4 Qxe4 18. dxe4 d5 19. Ng3 d4 20. Bd2 Bd6 21. Kg2 Rae8 22. Rf3 Nb8 23. Rbf1 Nc6 24. Ne2 Rd8 25. Nc1 b5 26. h4 c4 27. h5 Bb4 28. Bxb4 Nxb4 29. R1f2 Rd6 30. Rd2 Na6 31. bxc4 bxc4 32. Ne2 Rfd8 33. Ra3 Nc5 34. Kf3 c3 35. Rd1 d3 36. Nxc3 dxc2 37. Rc1 Rd3+ 38. Ke2 Rh3 39. Nb5 Rh2+ 40. Ke3 Rd1 41. Rxa7 Rd3# 0-1